| 000 | 00000nam##2200000za#4500 |
| 001 | 9.686308 |
| 003 | CaOODSP |
| 005 | 20210624230457 |
| 007 | cr ||||||||||| |
| 008 | 150407|2002||||xxc|||||o f|0| 0 eng|d |
| 020 | |a0-662-32397-1 |
| 040 | |aCaOODSP|beng |
| 043 | |an-cn--- |
| 086 | 1 |aSW21-68/2002E-IN |
| 110 | 1 |aCanada. |bStatus of Women Canada. |
| 245 | 10|aStatus of Women Canada's international activities to promote the advancement of Women - highlights (1998-2002) |h[electronic resource] |
| 260 | |aOttawa - Ontario : |bStatus of Women Canada |c2002. |
| 300 | |a14p. |
| 590 | |a06-10-Supp|b2006-12-15 |
| 690 | 07|aGender equality|2gcpds |
| 690 | 07|aPolitics|2gcpds |
| 690 | 07|aStatus of women|2gcpds |
| 775 | 08|tLes activités internationales de Condition féminine Canada visant à promouvoir l'avancement de la femme - points saillants (1998-2002) |w(CaOODSP)9.632931 |
| 856 | 40|ahttp://publications.gc.ca|qPDF|s283 KB|uhttps://publications.gc.ca/collections/Collection/SW21-68-2002E.pdf |